WK schaatsen allround winnaars (m) vanaf 1950 - Statistieken

Algemene statistieken
  • Deze quiz is 33 keer genomen
  • De gemiddelde score is 10 van 53
Antwoordstatistieken
Hint Antwoord % Correct
2007 - 2009 Sven Kramer
96%
2011 - 2013 Sven Kramer
96%
2015 - 2017 Sven Kramer
96%
2018 - 2020 Patrick Roest
71%
1995 - 1996 Rintje Ritsma
54%
1999 Rintje Ritsma
54%
2001 Rintje Ritsma
54%
2022 Nils van der Poel
43%
1993 Falko Zandstra
39%
1977 - 1879 Eric Heiden
32%
1990 - 1991 Johan Olav Koss
32%
1994 Johan Olav Koss
32%
1966 - 1967 Kees Verkerk
29%
2005 - 2006 Shani Davis
29%
1970 - 1972 Ard Schenk
25%
1980 Hilbert van der Duim
25%
1982 Hilbert van der Duim
25%
2000 Gianni Romme
18%
2003 Gianni Romme
18%
1985 - 1986 Hein Vergeer
18%
1997 - 1998 Ids Postma
14%
2010 Ivan Skobrev
14%
2014 Koen Verweij
14%
1976 Piet Kleine
14%
1988 Eric Flaim
11%
1989 Leo Visser
11%
2004 Chad Hedrick
7%
1987 Nikolaj Goeljajev
7%
1992 Roberto Sighel
7%
1968 Fred Anton Maier
4%
1975 Harm Kuipers
4%
1961 Henk van der Grift
4%
1950 - 1952 Hjalmar Andersen
4%
2002 Jochem Uytdehaage
4%
1983 Rolf Falk-Larssen
4%
1974 Sten Stensen
4%
1981 Amund Sjøbrend
0%
1954 Boris Sjilkov
0%
1960 Boris Stenin
0%
1969 Dag Fornæss
0%
1973 Göran Claeson
0%
1963 Jonny Nilsson
0%
1959 Juhani Järvinen
0%
1957 Knut Johannesen
0%
1964 Knut Johannesen
0%
2021 niet verreden
0%
1984 Oleg Bozjev
0%
1953 Oleg Gontsjarenko
0%
1956 Oleg Gontsjarenko
0%
1958 Oleg Gontsjarenko
0%
1965 Per Ivar Moe
0%
1955 Sigvard Ericsson
0%
1962 Viktor Kositsjkin
0%
Geen overeenkomende quizzen gevonden
Scoreverdeling
Procent van Mensen met Elke Score
Percentiel versus Aantal Correcte Antwoorden
Uw Scoregeschiedenis
U heeft deze quiz nog niet genomen